000 00805nam a22002417a 4500
003 DO-SdBNP
005 20220127111223.0
007 ta
008 210806b 2021 dr 00| 0 eng d
020 _a9789945618273
040 _aDO-SdBNP
_bspa
_cBNPHU
082 4 _222
100 1 _aÁlvarez de los Santos, Rafael,
_d1973-
_972675
245 1 0 _aMemorias del sancocho /
_cRafael Álvarez de los Santos ; corrección y estilo Nicólas Guevara.
260 _aSanto Domingo :
_bGraffiti Comunicaciones,
_c2021.
300 _a147 p. ;
_c23 cm.
500 _aIncluye datos biográficos del autor en la contracubierta.
504 _aBibliografía : p. 145-147
590 _aInventariado, 2021 /LP
700 1 _aGuevara, Nicólas,
_ecorrección y estilo
_922224
910 _aLopérez
942 _2ddc
_cLBS1
999 _c50191
_d50191